00840nam a2200193 a 450000100100000000500170001000800410002710000320006824500550010026000430015530000100019850000760020850000710028450000680035550501180042350500550054165000240059665000260062000000505620200120221829.0990303s1996 col gr 0 000 d0 aGarcía Márquez, Gabriel10aCuentos 1947 - 1992 /cGabriel García Márquez. aSantafé de Bogotá :bNorma,c1996. a540p. aPara biblioteca Usaquén, ISBN 958-04-8731-6, 2005, con 627 páginas. aEj.1 de Chicala, anteriormente No acceso 051003433 de Patio Bonito aEj.1 de Mosquera donado por la Biblioteca Nacional - PNLB 2012. aOjos de perro azul, Los funerales de la mammá grande, La increible y triste historia de la cándida eréndida ay de su abuela desalmada, Doce cuentos peregrinos.14aCUENTOS COLOMBIANOS14aLITERATURA COLOMBIANA